000 00416nam a22001097a 4500
008 150617b xxu||||| |||| 00| 0 eng d
010 _8HCCRSF:003
245 _aHIGH COURT CRIMINAL SESSION NO.24 OF 1969 Uganda Vs Vansensio Bandola
260 _aHigh Court Kampala
500 _3(Original Criminal Case No. NMA. 675 OF 1968 in the Magistrate's Court of Masaka at Masaka.)
500 _3BEFORE: Hon. Mr. Justice W.H. Goudie
999 _c6312
_d6312